00584nam a2200133 a 4500008004100000050002400041100001800065245015600083260006000239300002400299490005600323500001700379650005400396121204s1997 ||||||||||||||||| || u aPAPERS/STAFF/SIZIYA aSiziya, Seter10aFluxetine and moclobemide versus amitriptyline in major depression: a single blind randomized clinical trial in Zimbabwecby Seter Siziya; [and others] aLusaka:bUniversity of Zambia, School of Medicinec1997 ap. 38 - p. 40: ill. aCentral African Journal of Medicine. Vol. 43. No. 2 aBibliography aPSYCHOLOGY--DEPRESSION--CLINICAL TRIALS--ZIMBABWE